Instrucciones para la Defensa Pasiva de las industrias, centros de producción, distribución y administrativos y enmascaramiento : instrucciones núm. 3, fase 1a - organización / Jefatura Nacional de Defensa Pasiva instrucciones núm. 3, fase 1a - organización / Jefatura Nacional de Defensa Pasiva
Descripción Física:
53 p. ; 21 cm
MARC
| LEADER | 00000nam a2200000Ia 4500 | ||
|---|---|---|---|
| 001 | 21499 | ||
| 008 | 160829s1958 xx 000 0 cat d | ||
| 080 | |a M-6-202 | ||
| 110 | |a Espanya. |b Jefatura Nacional de Defensa Pasiva |9 53637 | ||
| 245 | |a Instrucciones para la Defensa Pasiva de las industrias, centros de producción, distribución y administrativos y enmascaramiento : |b instrucciones núm. 3, fase 1a - organización / Jefatura Nacional de Defensa Pasiva | ||
| 260 | |a Madrid : |b Patronato de Huérfanos de Militar. Intendencia e Intervención, |c 1958 | ||
| 300 | |a 53 p. ; |c 21 cm | ||
| 590 | |a Prové de E-29, exp. 3 | ||
| 650 | |a Espanya. Jefatura Nacional de Defensa Pasiva |x Organització |9 47669 | ||
| 901 | |a Arxiu | ||
| 942 | |n 1 | ||
| 952 | |0 0 |1 0 |4 0 |6 M6202 |7 1 |9 54020 |a Arxiu |b Arxiu |d 2016-12-01 |l 0 |o M-6-202 |p 21499 |r 2016-12-01 00:00:00 |w 2016-12-01 |y ARXIU | ||
| 999 | |c 57888 |d 57888 | ||